|
|
|
|
| LEADER |
00000nab a2200000uu 4500 |
| 001 |
vtls011453324 |
| 003 |
SK-MaSNL |
| 005 |
20260303210305.0 |
| 008 |
230121|1974 xo |||||||||||||||||slo| |
| 015 |
|
|
|a SNBRB
|
| 035 |
|
|
|a (urnnbn)urn:nbn:sk:snk:ar-0080eh
|
| 035 |
|
|
|a (uuid)6409cd5d-c760-4db6-8121-c0a26f0cc2c2
|
| 035 |
|
|
|a urn:nbn:sk:snk-abcour
|
| 040 |
|
|
|a SNKBUCL
|b slo
|c SNKBUCL
|e AACR2
|
| 041 |
0 |
|
|a slo
|
| 044 |
|
|
|a xo
|c SK
|
| 100 |
1 |
|
|a Šubert, J.
|4 aut
|9 806378
|
| 245 |
1 |
0 |
|a ACIDOBÁZICKÉ TITRÁCIE V NEVODNÝCH PROSTREDIACH - TEORETICKÉ ZÁKLADY SO ZRETEĽOM NA ČsL 3. III
|c J. Šubert, L. Kňažko, Ž. Bezáková
|
| 700 |
1 |
|
|a Bezáková, Ž.
|4 aut
|9 940051
|
| 700 |
1 |
|
|a Kňažko, Ladislav,
|d 1923-2011
|4 aut
|9 24591
|
| 773 |
0 |
|
|t Farmaceutický obzor : odborný časopis Ministerstva zdravotníctva Slovenskej republiky a Slovenskej zdravotníckej univerzity v Bratislave
|g Roč. 43, č. 10 (1974), s. 465-470
|
| 958 |
|
|
|a OND
|
| 958 |
|
|
|a EUIPO
|
| 958 |
|
|
|a article16
|
| 999 |
|
|
|c 2199652
|d 2201582
|